000 01244nam a2200325 a 4500
001 000015115
003 DO-SdBPM
005 20251111110312.0
007 ta
008 100201s2005 dr a 001 0 spa d
020 _a9945037005
040 _aDO-SdBPM
_bspa
_cBPMSU
_drda
049 _a
082 4 _aR581.97293
_bP433d 2005
_222
100 1 _a Perdomo, Omar Paino,
_d1972-
_eautor
_4aut
245 1 0 _aDiáspora :
_bbibliografía micológica de la Española= Diaspora: Mycological bibliography of La Española /
_cOmar Paino Perdomo ; traducción Linda M. Rodríguez Guglielmoni.
246 1 3 _aDiaspora :
_bMycological bibliography of La Española
264 _aSanto Domingo :
_bReserva Científica Ebano Verde,
_c2005.
300 _a77 páginas :
_bilustraciones ;
_c22 cm.
336 _atexto
_btxt
_2rdacontent
337 _asin mediación
_bn
_2rdamedia
338 _avolumen
_bnc
_2rdacarrier
500 _aIncluye datos biográficos del autor en la solapa de la cubierta
590 _aInventariado, 2025/VM
650 7 _aBotánica
_zLa Española (Isla, República Dominicana)
650 7 _a
700 1 _aRodríguez Guglielmoni, Linda M.
_etraductor
910 _aVMateo V. Control de calidad. BPMSU
942 _2ddc
_cBK
999 _c15500
_d15500